000 01743nam a2200229 4500
999 _c3171
_d3171
020 _a9780071267885
020 _a0071267883
050 _aHJ257.2
_b.R71
100 _aHarvey S Rosen;
110 _aTed Gayer
245 _aPublic finance
_cHarvey S Rosen; Ted Gayer
250 _a9th ed.
260 _aNew York :
_bMcGraw-Hill,
_c2010.
300 _axxii 595 p :
_bcolor illustrations ;
_c26 cm.
440 _aMcGraw-Hill series in economics.
500 _aIncludes Index
505 _aPART I: GETTING STARTED Chapter 1: Introduction Chapter 2: Tools of Positive Analysis Chapter 3: Tools of Normative Analysis PART II: PUBLIC EXPENDITURE: PUBLIC GOODS AND EXTERNALITIES Chapter 4: Public Goods Defined Chapter 5: Externalities Chapter 6: Political Economy Chapter 7: Education Chapter 8: Cost - Benefit Analysis PART III: PUBLIC EXPENDITURE: SOCIAL INSURANCE AND INCOME MAINTENANCE Chapter 9: The Health Care Market Chapter 10: Government and the Market for Health Care Chapter 11: Social Security Chapter 12: Income Redistribution: Conceptual Issues Chapter 13: Expenditure Programs for the Poor PART IV: FRAMEWORK FOR TAX ANALYSIS Chapter 14: Taxation and Income Distribution Chapter 15: Taxation and Efficiency Chapter 16: Efficient and Equitable Taxation PART V: THE UNITED STATES REVENUE SYSTEN Chapter 17: The Personal Income Tax Chapter 18: Personal Taxation and Behavior Chapter 19: The Corporation Tax Chapter 20: Deficit Finance Chapter 21: Fundamental Tax Reform: Taxes on Consumption and Wealth PART VI: MULTIGOVERNMENT PUBLIC FINANCE Chapter 22: Public Finance in a Federal System
650 _aPublic Finance
700 _aHarvey S Rosen;
710 _aTed Gayer
942 _cBK